000 00336nam a22001337a 4500
082 _a8948123
_bPET/U
100 _aLIN PETER, TERESA PETER
245 _aUNNIKADHAKALUM KAVITHAKALUM
250 _aSECOND EDITION
260 _aTHRISSUR
_bH&C PUBLISHING HOUSE
_c2008
300 _a96
650 _aSHORT STORIES & POEMS
_zKERALA
942 _cBK
999 _c1090
_d1090